| 000 | 00984nam a2200217 a 4500 | ||
|---|---|---|---|
| 001 | 21345 | ||
| 003 | CO-ViMGA | ||
| 008 | 141112s2004 ck r 000 u spa d | ||
| 020 | _a848088469X | ||
| 040 |
_aCO-ViMGA _bspa _cCO-ViMGA |
||
| 082 | 0 | 4 | _a658.404 L384 |
| 100 | 1 |
_aLewis, James P. _930451 |
|
| 245 | 1 | 0 | _aLas claves de la gestión de proyectos |
| 260 |
_aBarcelona; gestión, _c2004 |
||
| 300 | _a137 | ||
| 505 | _aDesarrollar la misión, la visión, las metas y los objetivos del proyecyo 29 - - Utilizar la estructura del desglose 51 - - Elaborar un calendario factible 75 - - El control del proyecto utilizando el análisis de los valores percibidos 105 - - Cómo hacer que la gestión de proyectos funcione en su empresa 13 | ||
| 590 | _aForma de adquisición : Compra fact. 0862 - - Precio : 50000 - - Proveedor : Temas y libros - - Fecha de adquisición : Mayo 2007 | ||
| 650 | 1 | 4 |
_aADMINSTRACION DE PROYECTOS _930452 |
| 650 | 1 | 4 |
_aPROYECTOS _93093 |
| 942 |
_2ddc _cBK |
||
| 999 |
_c29965 _d29965 |
||